000 00808nam a2200253Ia 4500
003 OSt
005 20220928125013.0
006 a|||||r|||| 00| 0
007 ta
008 220927b |||||||| |||| 00| 0 eng d
020 _c9597.6000000000004
024 _a119360
037 _b021, 28/08/2013, Excel Book International
_cTextual
040 _aSDCL
_cSDCL
_beng
041 _2eng
_aeng
082 _aV41'M, Q3
100 _aChang Chihyun
_9467524
245 0 _aGovernment,imperialism and nationalism in China
_b The maritime customs service and its chinese staff.
260 _aNew York
_b Routledge
_c2013
300 _axvi;237p.
_ccm.
650 _aHistory
942 _hV41'M, Q3
_cTEXL
_2CC
999 _c780388
_d780388